000 00570nam a22001937a 4500
003 OSt
005 20151106144738.0
008 151106b xxu||||| |||| 00| 0 eng d
020 _a9780857111029
040 _cDNLM
082 _aQV704 R913a 2014
100 _aMHRA
_96024
245 _aRules and guidance for pharmaceutical manufacturers and distributors 2014
260 _aUK;
_bPharmaceutical Press,
_c2014
300 _axxvi,614p; col.ill:24cm
504 _aGlossary, appendices, & index included
650 _aPharmaceutical guidance
_96025
942 _2z
_cO_SHELF
999 _c2453
_d2453